Centros financieros internacionales del continente /
Sparad:
| Huvudupphovsman: | |
|---|---|
| Materialtyp: | Text |
| Taggar: |
Lägg till en tagg
Inga taggar, Lägg till första taggen!
|
MARC
| LEADER | 00000 a a2200000 04500 | ||
|---|---|---|---|
| 001 | 694 | ||
| 003 | |||
| 040 | |||
| 100 | |a Karpunin, Vladímir | ||
| 245 | |a Centros financieros internacionales del continente / |c Vladímir Karpunin | ||
| 773 | |g número 9; páginas 1-9 | ||
| 999 | |c 23119 |d 23119 | ||
